000 00525nam a22001937a 4500
003 KOHA_MİRAKIL
005 20251111101133.0
008 251111b tu ||||| |||| 00| 0 tur d
020 _a9789750530425
040 _aTR-AnABB
_btur
_cTR-AnABB
041 _atur
082 _a813.42
_bKAY 2021
100 1 _aKaymaz, Sezgin,
245 1 0 _aSon şura /
_cSezgin Kaymaz
260 _aİstanbul :
_bİletişim Yayınları,
_c2021
300 _a493 sayfa ;
_c21 cm
650 0 4 _aTürk edebiyatı, roman
942 _2ddc
_cBK
999 _c9333
_d9333
900 _bGizem YORULMAZ